| 000 | 00999nam a22002414a 4500 | ||
|---|---|---|---|
| 005 | 20091211153011.0 | ||
| 008 | 020917s2003 nyua b 000 1 eng | ||
| 020 |
_a9780375846687 _c100.00 |
||
| 037 | _bBlueberry Books | ||
| 040 |
_adpl _bEnglish |
||
| 082 | _aS | ||
| 100 |
_aGreenburg, J. C. _q(Judith C.) |
||
| 245 |
_aWith the frogs / _cby J.C. Greenburg ; illustrated by Jan Gerardi |
||
| 260 |
_aNew York _bRandom House _c2008 |
||
| 300 |
_a86 p. : _bill. _c20 cm(pbk) |
||
| 490 |
_aAndrew lost ; _v18 |
||
| 500 | _a"A stepping stone book." | ||
| 520 | _aAndrew, his cousin Judy, and Thudd the robot, having been shrunk by a shrinking machine, encounter many terrifying creatures, including Mrs. Scuttle, as they try to reach the Atom Sucker before it explodes. | ||
| 700 | _aGerardi, Jan | ||
| 942 |
_2ddc _cCH _hS _mGRE |
||
| 999 |
_c32577 _d32577 |
||